000 00648nam a2200277Ia 4500
005 20260324142027.0
008 008 260324s9999 xx 000 0 eng d
020 _a9780203220146
037 _aEBOOK
040 _aCRL
040 _beng
040 _cCRL
041 _2eng
041 _aeng
084 _qCRL
100 _aKenneth Thompson; Ken Thompson
_91210410
245 0 _aKey Quotations in Sociology
260 _bTaylor and Francis
260 _c1996
365 _a
365 _b79.99
856 _uhttp://www.taylorfrancis.com/books/9780203220146
942 _cEBOOK
999 _c1814137
_d1814137